[Event "Perth AUS Open"]
[Site "?"]
[Date "2023.01.07"]
[Round "8.5"]
[White "Wallis, Christopher"]
[Black "Li Hui"]
[Result "1-0"]
[WhiteElo "2313"]
[BlackElo "1956"]
[PlyCount "81"]
[EventDate "2023.01.??"]
[EventRounds "11"]
[EventCountry "AUS"]
[SourceVersionDate "2023.01.02"]

1. d4 Nf6 2. c4 e6 3. g3 d5 4. Nf3 dxc4 5. Bg2 Be7 6. O-O O-O 7. Qc2 a6 8. a4 Bd7 9. Qxc4 Bc6 10. Bf4 a5 11. Nc3 Na6 12. Rac1 Nb4 13. Ne5 Bxg2 14. Kxg2 Nfd5 15. Nxd5 Nxd5 16. Bd2 c6 17. Rfd1 Nb6 18. Qb3 Qd5+ 19. Qxd5 exd5 20. b3 Rfe8 21. e3 Bd6 22. Nd3 Nd7 23. Rc2 f5 24. Rb1 Nf6 25. b4 axb4 26. Bxb4 Ne4 27. f3 Bxb4 28. fxe4 Bf8 29. e5 Rxa4 30. Rxb7 Ra3 31. Nf4 Rxe3 32. Rxc6 Re4 33. Ne6 Rg4 34. Nf4 Ra8 35. e6 Ra2+ 36. Kh3 Ra3 37. e7 Bxe7 38. Rxe7 h6 39. Nxd5 Rxd4 40. Rd7 Rad3 41. Nf6+ 1-0

[Event "Perth AUS Open"]
[Site "?"]
[Date "2023.01.07"]
[Round "8.6"]
[White "Maris, Rob"]
[Black "Jordan, William"]
[Result "0-1"]
[WhiteElo "1925"]
[BlackElo "2181"]
[PlyCount "70"]
[EventDate "2023.01.??"]
[EventRounds "11"]
[EventCountry "AUS"]
[SourceVersionDate "2023.01.02"]

1. c4 Nf6 2. Nc3 e6 3. e3 d5 4. Nf3 Be7 5. b3 O-O 6. Bb2 c5 7. d4 cxd4 8. exd4 b6 9. Bd3 Nc6 10. O-O Bb7 11. a3 Rc8 12. Ne2 Qc7 13. Rc1 Rfd8 14. Qc2 Qb8 15. Rfd1 g6 16. Ne5 Nxe5 17. dxe5 Ng4 18. Ng3 Nxe5 19. Qe2 Nxd3 20. Rxd3 dxc4 21. bxc4 Qf4 22. Rcd1 Bf6 23. Rd7 Bc6 24. Rxd8+ Rxd8 25. Rxd8+ Bxd8 26. Qd3 Be7 27. Ne2 Qe4 28. Qxe4 Bxe4 29. Nc1 f6 30. Kf1 Kf7 31. f3 Bb7 32. Ke2 Bd6 33. h3 e5 34. g4 Ke6 35. Nd3 Ba6 0-1

[Event "Perth AUS Open"]
[Site "?"]
[Date "2023.01.07"]
[Round "8.7"]
[White "Norris, Damian"]
[Black "Fu Yihe, Rebo"]
[Result "0-1"]
[WhiteElo "1890"]
[BlackElo "2149"]
[PlyCount "64"]
[EventDate "2023.01.??"]
[EventRounds "11"]
[EventCountry "AUS"]
[SourceVersionDate "2023.01.02"]

1. e4 c5 2. Nf3 e6 3. d4 cxd4 4. Nxd4 Nc6 5. Nc3 Qc7 6. Be3 a6 7. f4 d6 8. Qf3 Nf6 9. g4 Nxd4 10. Bxd4 e5 11. fxe5 dxe5 12. Qg3 Bd6 13. Bg1 Bb4 14. Bg2 Bxg4 15. h3 Bh5 16. Bh2 O-O 17. Qxe5 Qc4 18. Bf1 Qxe4+ 19. Qxe4 Nxe4 20. a3 Bxc3+ 21. bxc3 Rfe8 22. Bg2 Ng3+ 23. Kf2 Nxh1+ 24. Rxh1 Re2+ 25. Kg3 Rc8 26. Bxb7 Rxc3+ 27. Kh4 Bf3 28. Bxf3 Rxf3 29. Kg4 Rc3 30. Bf4 h5+ 31. Kxh5 Rg2 32. h4 Kh7 0-1

[Event "Perth AUS Open"]
[Site "?"]
[Date "2023.01.07"]
[Round "8.8"]
[White "Kargosha, Bahman"]
[Black "Nguyen Hong Anh"]
[Result "1-0"]
[WhiteElo "2096"]
[BlackElo "1954"]
[PlyCount "49"]
[EventDate "2023.01.??"]
[EventRounds "11"]
[EventCountry "AUS"]
[SourceVersionDate "2023.01.02"]

1. d4 Nf6 2. c4 g6 3. Nc3 d5 4. cxd5 Nxd5 5. e4 Nxc3 6. bxc3 Bg7 7. Bb5+ Bd7 8. Be2 c5 9. Nf3 cxd4 10. cxd4 Bg4 11. Rb1 Bxf3 12. Bxf3 Qxd4 13. Qxd4 Bxd4 14. Rxb7 Nd7 15. Ba3 Rc8 16. O-O Bb6 17. Bg4 Rc7 18. Rxc7 Bxc7 19. Rc1 Bd8 20. Bb2 f6 21. Be6 Nf8 22. Bb3 Bb6 23. e5 Nd7 24. Ba4 fxe5 25. Rc8+ 1-0

[Event "Perth AUS Open"]
[Site "?"]
[Date "2023.01.07"]
[Round "8.9"]
[White "Tan Zhong Kai"]
[Black "Qi, Mars"]
[Result "0-1"]
[WhiteElo "1923"]
[BlackElo "2087"]
[PlyCount "96"]
[EventDate "2023.01.??"]
[EventRounds "11"]
[EventCountry "AUS"]
[SourceVersionDate "2023.01.02"]

1. e4 Nf6 2. e5 Nd5 3. d4 d6 4. Nf3 g6 5. Bc4 Nb6 6. Bb3 Bg7 7. Ng5 e6 8. Qf3 Qe7 9. Ne4 dxe5 10. dxe5 N8d7 11. Bg5 Qb4+ 12. c3 Qa5 13. Nf6+ Nxf6 14. Bxf6 Bxf6 15. Qxf6 O-O 16. f4 Qc5 17. Nd2 Qe3+ 18. Kd1 Nd5 19. Bxd5 exd5 20. Qh4 Bf5 21. Qg3 Qb6 22. b3 d4 23. Kc1 Rad8 24. c4 Qa5 25. a3 b5 26. Rd1 d3 27. Kb2 bxc4 28. Nxc4 Qd5 29. Ka2 Rb8 30. Rab1 Qb5 31. Rb2 Rfd8 32. Qe1 Rd4 33. Qd2 Be6 34. Rc1 a5 35. a4 Qb4 36. Qxb4 Rxb4 37. Nd2 Rxa4+ 38. Kb1 Rab4 39. g3 Rb7 40. Rc5 Rd5 41. Ne4 Kg7 42. Rxd5 Bxd5 43. Nc5 Rb5 44. Nxd3 Be4 45. Kc2 Rd5 46. Kc3 Bxd3 47. Rd2 Be4 48. Re2 Bf5 0-1

[Event "Perth AUS Open"]
[Site "?"]
[Date "2023.01.07"]
[Round "8.10"]
[White "Gong, Patrick"]
[Black "Young, Micah"]
[Result "1-0"]
[WhiteElo "2292"]
[BlackElo "1845"]
[PlyCount "119"]
[EventDate "2023.01.??"]
[EventRounds "11"]
[EventCountry "AUS"]
[SourceVersionDate "2023.01.02"]

1. d4 f5 2. Nf3 Nf6 3. Bf4 g6 4. e3 Bg7 5. Bc4 e6 6. Nc3 d6 7. h3 Qe7 8. Bb3 Nbd7 9. Qe2 Nb6 10. e4 fxe4 11. Nxe4 Bd7 12. O-O-O O-O-O 13. Rhe1 Rde8 14. Qd2 h6 15. Kb1 Kb8 16. Bh2 g5 17. Nc3 Qf7 18. a4 Nfd5 19. a5 Nxc3+ 20. Qxc3 Nd5 21. Qd2 a6 22. Ng1 Rhf8 23. f3 Nf4 24. g3 Nd5 25. c4 Ne7 26. g4 Ng6 27. Re3 Nf4 28. Bc2 Ka8 29. Bg3 d5 30. Qb4 Bc6 31. Ba4 Qd7 32. Bxc6 Qxc6 33. Bxf4 gxf4 34. Rc3 dxc4 35. Rxc4 Qd6 36. Qxd6 cxd6 37. Rc7 Bf6 38. Rd7 Rd8 39. Rh7 Rh8 40. Rxh8 Rxh8 41. Ne2 e5 42. d5 Bd8 43. b4 Be7 44. Kc2 Kb8 45. Kd3 Kc7 46. Ke4 Rf8 47. Nc3 Kd7 48. Na4 Bd8 49. Rc1 Rg8 50. Rc2 Rf8 51. Rc4 Rg8 52. Kf5 Rg5+ 53. Ke4 Rg8 54. h4 Bxh4 55. Nb6+ Ke7 56. Rc7+ Kf6 57. Rd7 Be1 58. Rxd6+ Kg5 59. Nc4 Bxb4 60. Rb6 1-0

[Event "Perth AUS Open"]
[Site "?"]
[Date "2023.01.07"]
[Round "8.11"]
[White "Chinbat, Chinguun"]
[Black "Teh Rui Gen"]
[Result "1/2-1/2"]
[WhiteElo "1787"]
[BlackElo "2028"]
[PlyCount "84"]
[EventDate "2023.01.??"]
[EventRounds "11"]
[EventCountry "AUS"]
[SourceVersionDate "2023.01.02"]

1. d4 Nf6 2. Nf3 e6 3. c4 Bb4+ 4. Bd2 Qe7 5. a3 Bxd2+ 6. Nbxd2 d6 7. g3 e5 8. Bg2 O-O 9. e3 Nc6 10. O-O Re8 11. Nb3 a5 12. Re1 Bg4 13. d5 Nb8 14. e4 Nbd7 15. a4 b6 16. Qc2 Nc5 17. Nfd2 Bd7 18. Nc1 Rf8 19. b3 Nh5 20. Nd3 f5 21. Nxc5 bxc5 22. exf5 Bxf5 23. Be4 Qg5 24. Bxf5 Rxf5 25. Ne4 Qg6 26. Re3 Raf8 27. Qd2 Nf6 28. Nxf6+ Qxf6 29. Re2 Rf3 30. Qxa5 Rxf2 31. Qe1 Rf3 32. Re3 e4 33. Rxe4 Qb2 34. Re8 Qxb3 35. Rxf8+ Rxf8 36. Qe2 h6 37. Ra2 Qb1+ 38. Kg2 Ra8 39. Qe6+ Kh7 40. Qe2 Qb4 41. Qc2+ Kh8 42. a5 Kg8 1/2-1/2

[Event "Perth AUS Open"]
[Site "?"]
[Date "2023.01.07"]
[Round "8.12"]
[White "Hare, Tim"]
[Black "Ellis, David"]
[Result "1-0"]
[WhiteElo "2017"]
[BlackElo "1770"]
[PlyCount "103"]
[EventDate "2023.01.??"]
[EventRounds "11"]
[EventCountry "AUS"]
[SourceVersionDate "2023.01.02"]

1. Nf3 g6 2. g3 Bg7 3. Bg2 d6 4. d3 Nc6 5. c3 e5 6. O-O h6 7. Nbd2 Be6 8. Kh1 Qd7 9. Ng1 Nge7 10. b4 O-O 11. a4 f5 12. b5 Nd8 13. Bb2 g5 14. c4 Ng6 15. Ra3 Rb8 16. Qa1 h5 17. d4 h4 18. d5 Bf7 19. f4 hxg3 20. hxg3 gxf4 21. gxf4 Be8 22. Nh3 e4 23. Ng5 Bxb2 24. Qxb2 Qg7 25. Qxg7+ Kxg7 26. Bh3 Rh8 27. Rg3 Kf6 28. Kg1 Rh4 29. e3 c6 30. Ndxe4+ fxe4 31. Nxe4+ Ke7 32. f5 Rxe4 33. fxg6 cxd5 34. cxd5 Rh4 35. Kg2 Rh8 36. e4 Rg8 37. Bf5 a6 38. g7 axb5 39. Bh7 Bf7 40. Bxg8 Bxg8 41. Rf8 Bh7 42. Kf3 Rc8 43. axb5 Rc3+ 44. Kf4 Rc4 45. g8=Q Bxg8 46. Rgxg8 Nf7 47. Re8+ Kd7 48. Re6 Rc1 49. Rge8 Rf1+ 50. Ke3 Kc7 51. R6e7+ Kb6 52. Rf8 1-0

[Event "Perth AUS Open"]
[Site "?"]
[Date "2023.01.07"]
[Round "8.13"]
[White "Kelly, Adam"]
[Black "Li, Tedric"]
[Result "1/2-1/2"]
[WhiteElo "2006"]
[BlackElo "1688"]
[PlyCount "109"]
[EventDate "2023.01.??"]
[EventRounds "11"]
[EventCountry "AUS"]
[SourceVersionDate "2023.01.02"]

1. d4 Nf6 2. c4 e6 3. g3 Bb4+ 4. Nd2 Nc6 5. Ngf3 d5 6. Bg2 dxc4 7. O-O Bxd2 8. Bxd2 Nxd4 9. Nxd4 Qxd4 10. Qc2 O-O 11. Rfd1 Qc5 12. b4 Qf5 13. e4 Qh5 14. Qxc4 c6 15. f4 e5 16. f5 g6 17. fxg6 hxg6 18. Qf1 Kg7 19. h3 Rh8 20. g4 Qh4 21. Be1 Qg5 22. Bd2 Qh4 23. Qe1 Qxe1+ 24. Bxe1 Be6 25. Bc3 Nd7 26. Rd6 Rhd8 27. Rad1 Kf8 28. Bxe5 Ke7 29. Bg3 g5 30. R6d2 Nb6 31. Bd6+ Ke8 32. Bf1 Nc4 33. Bxc4 Bxc4 34. Rf2 Kd7 35. Bf4+ Ke6 36. Rxd8 Rxd8 37. Bxg5 Rd1+ 38. Kg2 Ke5 39. Kf3 Rd3+ 40. Be3 Ra3 41. Rc2 b5 42. h4 Kf6 43. Kf4 a5 44. bxa5 Rxa5 45. h5 Kg7 46. Bd4+ Kh7 47. Kf5 Rxa2 48. Bb2 c5 49. g5 Ra6 50. g6+ fxg6+ 51. hxg6+ Rxg6 52. Rh2+ Rh6 53. Rxh6+ Kxh6 54. Bc1+ Kg7 55. Be3 1/2-1/2

[Event "Perth AUS Open"]
[Site "?"]
[Date "2023.01.07"]
[Round "8.14"]
[White "Holliday, Bruce M"]
[Black "Salasan, Haran"]
[Result "0-1"]
[WhiteElo "1760"]
[BlackElo "2002"]
[PlyCount "80"]
[EventDate "2023.01.??"]
[EventRounds "11"]
[EventCountry "AUS"]
[SourceVersionDate "2023.01.02"]

1. e4 c6 2. d4 d5 3. exd5 cxd5 4. Bd3 Nc6 5. c3 Qc7 6. Ne2 Bg4 7. Bf4 Qxf4 8. Nxf4 Bxd1 9. Kxd1 e6 10. Re1 Nf6 11. h3 Bd6 12. Ne2 O-O 13. Nd2 Rab8 14. a4 Nd7 15. Nf3 f6 16. Kc2 g6 17. Rad1 a6 18. Nc1 e5 19. dxe5 fxe5 20. Bc4 dxc4 21. Rxd6 Nc5 22. Re2 Nxa4 23. Re4 Nb6 24. Nxe5 Rxf2+ 25. Re2 Rxe2+ 26. Nxe2 Re8 27. Nxc6 Rxe2+ 28. Kd1 Rxb2 29. Nb4 Na4 30. Rd8+ Kg7 31. Rd7+ Kh6 32. Nd5 b5 33. g4 Rh2 34. Nf6 Nxc3+ 35. Kc1 Na2+ 36. Kb1 c3 37. Ra7 b4 38. Ne4 g5 39. Rxa6+ Kg7 40. Nxg5 b3 0-1

[Event "Perth AUS Open"]
[Site "?"]
[Date "2023.01.07"]
[Round "8.15"]
[White "Novakovic, Velibor"]
[Black "Rice, Leah"]
[Result "0-1"]
[WhiteElo "1911"]
[BlackElo "1403"]
[PlyCount "88"]
[EventDate "2023.01.??"]
[EventRounds "11"]
[EventCountry "AUS"]
[SourceVersionDate "2023.01.02"]

1. e4 c6 2. d4 d5 3. exd5 cxd5 4. Bd3 Nc6 5. Nf3 Bg4 6. c3 e6 7. Bf4 Bd6 8. Bxd6 Qxd6 9. O-O Nf6 10. Nbd2 Bh5 11. Qb3 O-O 12. Rfe1 Nd7 13. Re3 e5 14. dxe5 Ndxe5 15. Rae1 Rae8 16. Bb1 Bxf3 17. gxf3 f5 18. f4 Qg6+ 19. Rg3 Ng4 20. Rxe8 Qxe8 21. Qxd5+ Kh8 22. Kf1 Nxh2+ 23. Kg2 Ng4 24. Qd3 Qh5 25. Nf3 Qh6 26. Qc4 Ne7 27. Rh3 Qb6 28. Qe2 Ng6 29. Kg3 Qd6 30. Qd2 Qb6 31. Nd4 Nh6 32. Rh5 Ne7 33. Qe2 Neg8 34. Rg5 Qf6 35. Qe5 g6 36. f3 Qxe5 37. fxe5 Nf7 38. Kf4 Nxg5 39. Kxg5 Re8 40. f4 Kg7 41. Nb5 Rd8 42. Nd6 Nh6 43. Nxb7 Rd1 44. Bc2 Rh1 0-1

[Event "Perth AUS Open"]
[Site "?"]
[Date "2023.01.07"]
[Round "8.16"]
[White "Lee, Alexandre KM"]
[Black "Holland, Dennis"]
[Result "1-0"]
[WhiteElo "1558"]
[BlackElo "1899"]
[PlyCount "61"]
[EventDate "2023.01.??"]
[EventRounds "11"]
[EventCountry "AUS"]
[SourceVersionDate "2023.01.02"]

1. e4 c6 2. d4 d5 3. e5 Bf5 4. h4 h5 5. c4 e6 6. Nc3 Be7 7. cxd5 exd5 8. Nf3 Bg4 9. Be2 g6 10. Ng5 Bxe2 11. Qxe2 Bxg5 12. Bxg5 Qd7 13. O-O Qe6 14. Qd3 Ne7 15. Ne2 Nf5 16. Nf4 Qd7 17. e6 fxe6 18. Rae1 O-O 19. Rxe6 Qf7 20. Rxg6+ Kh7 21. Rf6 Qxf6 22. Bxf6 Rxf6 23. Nxh5 Rf7 24. g4 Nd7 25. gxf5 Rg8+ 26. Ng3 Nf6 27. Re1 Ne4 28. Rxe4 dxe4 29. Qxe4 Kh8 30. Qe5+ Kh7 31. f6 1-0

[Event "Perth AUS Open"]
[Site "?"]
[Date "2023.01.07"]
[Round "8.17"]
[White "Saxon, Marc"]
[Black "Baneshi, Kiamehr"]
[Result "1/2-1/2"]
[WhiteElo "1813"]
[BlackElo "1671"]
[PlyCount "87"]
[EventDate "2023.01.??"]
[EventRounds "11"]
[EventCountry "AUS"]
[SourceVersionDate "2023.01.02"]

1. e4 c5 2. Nf3 d6 3. d4 cxd4 4. Nxd4 Nf6 5. Nc3 a6 6. Be3 e5 7. Nb3 Be7 8. f3 Be6 9. Qd2 Nbd7 10. O-O-O O-O 11. g4 b5 12. g5 Nh5 13. Kb1 Nb6 14. Na5 Rc8 15. h4 Qc7 16. Nd5 Bxd5 17. exd5 Ng3 18. Bxb6 Qxb6 19. Nc6 Rxc6 20. dxc6 Nxh1 21. Qh2 Nf2 22. Rd2 Qe3 23. Qxf2 Qxf2 24. Rxf2 Rc8 25. c4 bxc4 26. Bxc4 Rxc6 27. Rc2 d5 28. Bxd5 Rxc2 29. Kxc2 Kf8 30. Kb3 f6 31. gxf6 gxf6 32. Bb7 a5 33. Be4 Kg7 34. Ka4 Bd8 35. a3 Kh6 36. b4 axb4 37. axb4 Kh5 38. Bxh7 Kxh4 39. Kb5 Kg3 40. Be4 Kf4 41. Kc6 f5 42. Bd5 e4 43. fxe4 fxe4 44. Bxe4 1/2-1/2

[Event "Perth AUS Open"]
[Site "?"]
[Date "2023.01.07"]
[Round "8.18"]
[White "Lakner, Jay"]
[Black "Hernandez Mendez, Iker"]
[Result "1-0"]
[WhiteElo "2060"]
[BlackElo "1611"]
[PlyCount "95"]
[EventDate "2023.01.??"]
[EventRounds "11"]
[EventCountry "AUS"]
[SourceVersionDate "2023.01.02"]

1. c4 c6 2. e4 d5 3. exd5 cxd5 4. d4 Nf6 5. Nc3 Nc6 6. Nf3 Bg4 7. cxd5 Nxd5 8. Qb3 Bxf3 9. gxf3 Nxc3 10. bxc3 Qb6 11. d5 Ne5 12. Bb5+ Nd7 13. Qa4 O-O-O 14. Bxd7+ Rxd7 15. Be3 Qa6 16. Qxa6 bxa6 17. c4 e6 18. dxe6 Bb4+ 19. Ke2 fxe6 20. Rhd1 Rhd8 21. Rxd7 Rxd7 22. Rd1 Rc7 23. Rd4 Kb7 24. Kd3 Kc6 25. Bf4 Rf7 26. Ke4 Rf5 27. Rd8 Ra5 28. Rc8+ Kd7 29. Rc7+ Ke8 30. Rxg7 Bc5 31. Rg5 Kd7 32. Be3 Bb6 33. Rxa5 Bxa5 34. Bxa7 Bc7 35. f4 a5 36. h3 Kd6 37. f5 exf5+ 38. Kxf5 Bd8 39. a4 h5 40. Bd4 h4 41. f4 Be7 42. Kg6 Bd8 43. f5 Be7 44. Kf7 Bg5 45. Ke8 Bh6 46. f6 Ke6 47. f7 Kf5 48. Bf2 1-0

[Event "Perth AUS Open"]
[Site "?"]
[Date "2023.01.07"]
[Round "8.19"]
[White "Kinsman, Craig C"]
[Black "Phillips, Max"]
[Result "1/2-1/2"]
[WhiteElo "1986"]
[BlackElo "1506"]
[PlyCount "50"]
[EventDate "2023.01.??"]
[EventRounds "11"]
[EventCountry "AUS"]
[SourceVersionDate "2023.01.02"]

1. e4 c6 2. d4 d5 3. Nc3 dxe4 4. Nxe4 Nf6 5. Nxf6+ exf6 6. c3 Bd6 7. Bd3 O-O 8. Qc2 c5 9. Ne2 g6 10. Be3 Qc7 11. O-O-O c4 12. Be4 Nc6 13. g3 Bg4 14. f3 Bd7 15. Qd2 b5 16. g4 Rab8 17. h4 Ne7 18. h5 f5 19. hxg6 fxg6 20. gxf5 Bxf5 21. Rh4 b4 22. Rdh1 Rf7 23. cxb4 Bxb4 24. Nc3 Qa5 25. Qh2 Bxc3 1/2-1/2

[Event "Perth AUS Open"]
[Site "?"]
[Date "2023.01.07"]
[Round "8.20"]
[White "Gunawan, Tjermin"]
[Black "Rozuwiecka, Anna"]
[Result "1/2-1/2"]
[WhiteElo "1593"]
[BlackElo "1798"]
[PlyCount "125"]
[EventDate "2023.01.??"]
[EventRounds "11"]
[EventCountry "AUS"]
[SourceVersionDate "2023.01.02"]

1. d4 g6 2. Nf3 Bg7 3. g3 c5 4. d5 d6 5. c4 Nd7 6. Nc3 Bxc3+ 7. bxc3 Nb6 8. Bg2 Nf6 9. Bh6 Bd7 10. Nd2 Ng4 11. Bf4 Qc7 12. e4 e5 13. Bf3 Nxf2 14. Kxf2 exf4 15. gxf4 O-O-O 16. a4 f5 17. a5 Na4 18. Rxa4 Bxa4 19. Qxa4 fxe4 20. Bg4+ Kb8 21. Nxe4 Rhf8 22. Kg3 Rde8 23. Be6 Rxe6 24. dxe6 d5 25. Nd6 Qxd6 26. cxd5 Qxd5 27. Qd1 Qxe6 28. Re1 Qf6 29. Qd2 g5 30. Re4 gxf4+ 31. Rxf4 Qg5+ 32. Kf3 Qh5+ 33. Kg2 Rg8+ 34. Kh1 Qg6 35. Qf2 Qb1+ 36. Qf1 Qxf1+ 37. Rxf1 Rg7 38. Rf5 b6 39. a6 Kc7 40. c4 Kd6 41. h4 Ke6 42. Rh5 Kf6 43. Kh2 Kg6 44. Rg5+ Kh6 45. Rxg7 Kxg7 46. Kg3 Kf6 47. Kf4 h6 48. h5 Ke6 49. Ke4 Kd6 50. Kf5 Kc6 51. Kg6 b5 52. cxb5+ Kxb5 53. Kxh6 c4 54. Kg6 c3 55. h6 c2 56. h7 c1=Q 57. h8=Q Qc6+ 58. Kf5 Kxa6 59. Qa1+ Kb6 60. Qd4+ Qc5+ 61. Ke4 Kb5 62. Qxc5+ Kxc5 63. Kd3 1/2-1/2

[Event "Perth AUS Open"]
[Site "?"]
[Date "2023.01.07"]
[Round "8.21"]
[White "Gao, Arthur"]
[Black "Arthur, James"]
[Result "1/2-1/2"]
[WhiteElo "1754"]
[BlackElo "1534"]
[PlyCount "106"]
[EventDate "2023.01.??"]
[EventRounds "11"]
[EventCountry "AUS"]
[SourceVersionDate "2023.01.02"]

1. e4 e6 2. d3 d5 3. Nd2 Nf6 4. Ngf3 c5 5. g3 Nc6 6. Bg2 Bd6 7. O-O O-O 8. Re1 Nd7 9. exd5 exd5 10. c4 dxc4 11. dxc4 Nde5 12. Nxe5 Nxe5 13. Qb3 Qb6 14. Qxb6 axb6 15. Be4 Be6 16. b3 Nc6 17. Bb2 Rfe8 18. f4 f5 19. Bxc6 bxc6 20. a4 g6 21. Nf3 h6 22. Rad1 Bf8 23. Ne5 Bg7 24. Rd6 Bxe5 25. Rxe5 Bf7 26. Rxc6 Rad8 27. Ba3 Rd1+ 28. Kg2 Rxe5 29. fxe5 Ra1 30. Rc8+ Kg7 31. e6 Rxa3 32. exf7 Kxf7 33. Rb8 Rxb3 34. a5 Ra3 35. axb6 Rb3 36. b7 Kg7 37. h3 g5 38. Rc8 Rxb7 39. Rxc5 Kf6 40. Rc6+ Ke5 41. Rxh6 Rc7 42. Rg6 g4 43. hxg4 Rxc4 44. g5 Rg4 45. Kf3 Kd5 46. Rg8 Ke6 47. Kg2 Kd6 48. Kg1 f4 49. g6 Rxg3+ 50. Kf2 Ke6 51. Re8+ Kf6 52. Rf8+ Kxg6 53. Rxf4 Rg5 1/2-1/2

[Event "Perth AUS Open"]
[Site "?"]
[Date "2023.01.07"]
[Round "8.23"]
[White "Barry, David"]
[Black "Teh Hui Lam"]
[Result "1/2-1/2"]
[WhiteElo "1647"]
[BlackElo "1706"]
[PlyCount "110"]
[EventDate "2023.01.??"]
[EventRounds "11"]
[EventCountry "AUS"]
[SourceVersionDate "2023.01.02"]

1. e4 c5 2. Nf3 g6 3. d4 cxd4 4. Nxd4 Nc6 5. Be3 Nf6 6. Nc3 Bg7 7. Bc4 Qa5 8. O-O O-O 9. Bb3 d6 10. h3 Bd7 11. Re1 Rac8 12. Qd2 Ne5 13. Nd5 Qd8 14. Nxf6+ Bxf6 15. Qe2 Qc7 16. c3 Nc4 17. Bh6 Rfe8 18. Rad1 b5 19. Bc1 a5 20. Nf3 a4 21. Bxc4 bxc4 22. a3 Rb8 23. Nd4 Rb6 24. Nc2 Bb5 25. Nb4 e6 26. Be3 Rbb8 27. Bd4 Bg7 28. Bxg7 Kxg7 29. Rd4 Rbd8 30. Red1 Rd7 31. Qd2 Red8 32. Qe2 Qc5 33. Kh1 Qe5 34. Qe3 g5 35. Qf3 h6 36. Nc2 Qf4 37. Qxf4 gxf4 38. g3 e5 39. R4d2 Bc6 40. f3 f5 41. Nb4 Bb7 42. Nd5 fxg3 43. exf5 Bxd5 44. Rxd5 Kf6 45. Kg2 Kxf5 46. Kxg3 Rg8+ 47. Kf2 Ke6 48. Ra5 Rdg7 49. Rxa4 Rg2+ 50. Ke3 Rxb2 51. Rxc4 Rgg2 52. Rc6 Rge2+ 53. Kd3 Kd5 54. Ra6 Rh2 55. Ra5+ Ke6 1/2-1/2

[Event "Perth AUS Open"]
[Site "?"]
[Date "2023.01.07"]
[Round "8.24"]
[White "Roebuck, Derek"]
[Black "Vlietstra, Marc"]
[Result "0-1"]
[WhiteElo "1592"]
[BlackElo "2007"]
[PlyCount "50"]
[EventDate "2023.01.??"]
[EventRounds "11"]
[EventCountry "AUS"]
[SourceVersionDate "2023.01.02"]

1. e4 c5 2. Nf3 d6 3. d4 cxd4 4. Nxd4 Nf6 5. Nc3 a6 6. Bg5 e6 7. f4 Qc7 8. Qe2 Nbd7 9. O-O-O Be7 10. g4 b5 11. a3 Bb7 12. Bxf6 Nxf6 13. g5 Nd7 14. Bg2 g6 15. h4 Nb6 16. h5 O-O-O 17. Rh3 Kb8 18. Rdh1 Rhe8 19. hxg6 hxg6 20. Rh7 Bf8 21. Rd1 d5 22. e5 Bxa3 23. Ncxb5 Bxb2+ 24. Kxb2 Nc4+ 25. Kc1 axb5 0-1

[Event "Perth AUS Open"]
[Site "?"]
[Date "2023.01.07"]
[Round "8.25"]
[White "Koh, Shannon"]
[Black "Hardegen, Kathryn"]
[Result "1/2-1/2"]
[WhiteElo "1541"]
[BlackElo "1887"]
[PlyCount "71"]
[EventDate "2023.01.??"]
[EventRounds "11"]
[EventCountry "AUS"]
[SourceVersionDate "2023.01.02"]

1. e4 e6 2. d4 d5 3. Nd2 dxe4 4. Nxe4 Nd7 5. Nf3 Ngf6 6. Nxf6+ Qxf6 7. Bd3 h6 8. O-O Bd6 9. c3 O-O 10. Bc2 Re8 11. Qd3 Nf8 12. Nd2 e5 13. Ne4 Qg6 14. Nxd6 Qxd6 15. Re1 Bd7 16. Qg3 exd4 17. Bf4 Qf6 18. Be5 Qg5 19. Qxg5 hxg5 20. Bxd4 Be6 21. Be4 c6 22. a4 f6 23. a5 a6 24. Re3 Kf7 25. Rae1 Bd7 26. f3 f5 27. Bd3 Rxe3 28. Rxe3 g6 29. Kf2 Be6 30. b4 Re8 31. g4 Rd8 32. h3 Nd7 33. Bc2 Rc8 34. Re2 Re8 35. Be3 Kf6 36. Bd4+ 1/2-1/2

[Event "Perth AUS Open"]
[Site "?"]
[Date "2023.01.07"]
[Round "8.26"]
[White "Rafiei Darani, Daryoush"]
[Black "Janceski, Alex"]
[Result "0-1"]
[WhiteElo "1504"]
[BlackElo "1821"]
[PlyCount "48"]
[EventDate "2023.01.??"]
[EventRounds "11"]
[EventCountry "AUS"]
[SourceVersionDate "2023.01.02"]

1. e4 c5 2. d4 cxd4 3. c3 dxc3 4. Nxc3 d6 5. Bc4 e6 6. Nf3 Nc6 7. Bf4 Be7 8. O-O Nf6 9. Qe2 e5 10. Be3 O-O 11. Rfd1 a6 12. Nd5 Nxd5 13. Bxd5 Bd7 14. b4 Qe8 15. b5 axb5 16. Qxb5 Rb8 17. Bb6 Nd4 18. Qb2 Nxf3+ 19. gxf3 Bc6 20. Rac1 Bxd5 21. Rxd5 Rc8 22. Bc7 f5 23. Qxb7 fxe4 24. Kh1 Qf7 0-1

[Event "Perth AUS Open"]
[Site "?"]
[Date "2023.01.07"]
[Round "8.27"]
[White "Stewart, Clint"]
[Black "Hurst, Benjamin"]
[Result "0-1"]
[WhiteElo "1799"]
[BlackElo "1628"]
[PlyCount "36"]
[EventDate "2023.01.??"]
[EventRounds "11"]
[EventCountry "AUS"]
[SourceVersionDate "2023.01.02"]

1. f4 d5 2. g3 Nf6 3. Nf3 c5 4. d3 Nc6 5. Bg2 Bf5 6. O-O Qb6 7. Kh1 e6 8. Qe1 c4 9. Nc3 d4 10. Nd1 Bb4 11. c3 cxd3 12. cxb4 Nxb4 13. Nxd4 Qxd4 14. Be3 Qd6 15. Rc1 Rd8 16. Bd2 Nc2 17. Qf2 dxe2 18. Rxc2 exf1=Q+ 0-1

[Event "Perth AUS Open"]
[Site "?"]
[Date "2023.01.07"]
[Round "8.28"]
[White "Laubbacher, Jamie"]
[Black "Umasankar, Naveen Ramnat"]
[Result "1-0"]
[WhiteElo "1797"]
[BlackElo "1573"]
[PlyCount "57"]
[EventDate "2023.01.??"]
[EventRounds "11"]
[EventCountry "AUS"]
[SourceVersionDate "2023.01.02"]

1. c4 Nf6 2. Nc3 g6 3. e4 d6 4. d4 Bg7 5. f3 O-O 6. Bg5 c5 7. d5 a6 8. a4 Nbd7 9. Qd2 Qc7 10. Nh3 Rb8 11. Nf2 Re8 12. Be2 e6 13. dxe6 fxe6 14. Rd1 Bf8 15. O-O b6 16. f4 Bb7 17. e5 dxe5 18. fxe5 Qxe5 19. Bf4 Qd4 20. Qc1 e5 21. Bg3 Rbd8 22. Rfe1 Bg7 23. Rxd4 cxd4 24. Nd5 Nxd5 25. cxd5 Nc5 26. Bh4 Rd7 27. Qd1 Bxd5 28. b4 Bb3 29. Qb1 1-0

[Event "Perth AUS Open"]
[Site "?"]
[Date "2023.01.07"]
[Round "8.30"]
[White "Arthur, Matthew"]
[Black "Dagza, Ben"]
[Result "1-0"]
[WhiteElo "1605"]
[BlackElo "1726"]
[PlyCount "83"]
[EventDate "2023.01.??"]
[EventRounds "11"]
[EventCountry "AUS"]
[SourceVersionDate "2023.01.02"]

1. d4 d6 2. c4 Nf6 3. Nc3 c6 4. Nf3 Qa5 5. Bd2 Qc7 6. e4 e5 7. d5 Bg4 8. Be2 Be7 9. O-O O-O 10. h3 Bxf3 11. Bxf3 Nbd7 12. Rc1 Rfe8 13. Be3 Nf8 14. Bg4 Ng6 15. b3 h6 16. Re1 Nh7 17. Ne2 Bg5 18. Bxg5 hxg5 19. Ng3 Ne7 20. Qd2 g6 21. Rc3 c5 22. Rf3 Kg7 23. Nf1 Ng8 24. Nh2 Ne7 25. Nf1 f5 26. exf5 Rf8 27. fxg6 Nxg6 28. Nh2 Rf4 29. g3 Rd4 30. Qc2 Qa5 31. Re2 Rf8 32. Rxf8 Nhxf8 33. Nf3 b5 34. Nxd4 cxd4 35. Bf5 Ne7 36. Bd3 b4 37. Qd2 Kf6 38. f4 gxf4 39. gxf4 Nfg6 40. fxe5+ dxe5 41. Qh6 Qd8 42. Rf2+ 1-0